Využívanie platobných kariet a efektívnosť bánk

Využívanie a rozvoj platobných kariet a ich vplyv na efektívnosť bankových sektorov krajín EÚ. Efekt vplyvu využívania platobných kariet na efektívnosť bankového sektora meraný metódou DEA.

Salvato in:
Dettagli Bibliografici
Autore principale: Kočišová, Kristína
Natura: Capitolo di libro
Lingua:slovacco
Soggetti:
Tags: Aggiungi Tag
Nessun Tag, puoi essere il primo ad aggiungerne!!

MARC

LEADER 00000naa a2200000 4500
001 0185028
005 20231207102626.1
041 0 |a slo 
044 |a CZ 
245 1 0 |a Využívanie platobných kariet a efektívnosť bánk  |c Kristína Kočišová 
520 |a Využívanie a rozvoj platobných kariet a ich vplyv na efektívnosť bankových sektorov krajín EÚ. Efekt vplyvu využívania platobných kariet na efektívnosť bankového sektora meraný metódou DEA. 
610 2 0 |a bankovníctvo 
610 2 0 |a banky 
610 2 0 |a služby bankové 
610 2 0 |a styk platobný bezhotovostný 
610 2 0 |a karty platobné 
610 2 0 |a bankomaty 
610 2 0 |a modely ekonometrické 
100 1 |a Kočišová, Kristína